[Event "The Irish Championship 2020"]
[Site "Colaiste Eanna, Dublin, Ireland"]
[Date "2020.08.02"]
[Round "2"]
[Board "15"]
[White "Melaugh, Gavin"]
[Black "Peoples, Jonathon"]
[Result "1-0"]
[WhiteElo "2003"]
[BlackElo "1932"]
[PlyCount "0"]
[EventDate "2020.08.01"]
[EventRounds "9"]
[EventCountry "IRL"]

1. c4 {[%emt 00:03:39]} e5 {[%emt 00:00:15]} 2. Nc3 {[%emt 00:00:07]} Nf6
{[%emt 00:00:05]} 3. Nf3 {[%emt 00:00:14]} Nc6 {[%emt 00:00:05]} 4. e4 {[%emt
00:00:14]} Bb4 {[%emt 00:00:06]} 5. d3 {[%emt 00:00:21]} d6 {[%emt 00:00:37]} 6.
h3 {[%emt 00:01:17]} Be6 {[%emt 00:04:00]} 7. Be3 {[%emt 00:00:28]} Bc5 {[%emt
00:05:29]} 8. d4 {[%emt 00:11:01]} exd4 {[%emt 00:00:47]} 9. Nxd4 {[%emt
00:00:07]} Nxd4 {[%emt 00:04:55]} 10. Bxd4 {[%emt 00:00:05]} Bxd4 {[%emt
00:00:08]} 11. Qxd4 {[%emt 00:00:04]} Qe7 {[%emt 00:01:29]} 12. O-O-O {[%emt
00:07:29]} O-O {[%emt 00:01:11]} 13. g4 {[%emt 00:04:09]} Nd7 {[%emt 00:05:22]}
14. f4 {[%emt 00:05:59]} Qf6 {[%emt 00:01:53]} 15. f5 {[%emt 00:01:15]}  1-0

[Event "The Irish Championship 2020"]
[Site "Colaiste Eanna, Dublin, Ireland"]
[Date "2020.08.02"]
[Round "2"]
[Board "16"]
[White "Mirza, Diana"]
[Black "MacElligott, Gerard"]
[Result "0-1"]
[WhiteElo "1939"]
[BlackElo "2020"]
[PlyCount "0"]
[EventDate "2020.08.01"]
[EventRounds "9"]
[EventCountry "IRL"]

1. e4 {[%clk 02:09:28]} {[%emt 00:06:39]} c6 {[%emt 00:00:35]} 2. d4 {[%clk
02:09:53]} {[%emt 00:00:08]} d5 {[%clk 02:16:08]} {[%emt 00:00:07]} 3. exd5
{[%clk 02:10:22]} {[%emt 00:00:05]} cxd5 {[%emt 00:00:09]} 4. Bd3 {[%clk
02:10:48]} {[%emt 00:00:04]} Nc6 {[%emt 00:00:14]} 5. c3 {[%clk 02:11:15]}
{[%emt 00:00:04]} Nf6 {[%clk 02:16:47]} {[%emt 00:00:54]} 6. Bf4 {[%clk
02:11:16]} {[%emt 00:00:32]} Bg4 {[%emt 00:02:01]} 7. Qb3 {[%clk 02:11:11]}
{[%emt 00:00:39]} Qd7 {[%emt 00:02:12]} 8. Nd2 {[%clk 02:07:38]} {[%emt
00:04:06]} e6 {[%clk 02:13:48]} {[%emt 00:00:37]} 9. Ngf3 {[%clk 02:05:29]}
{[%emt 00:02:41]} Bd6 {[%emt 00:06:33]} 10. Ne5 {[%clk 01:46:48]} {[%emt
00:19:16]} Qc7 {[%clk 02:06:33]} {[%emt 00:01:56]} 11. Nxg4 {[%clk 01:46:20]}
{[%emt 00:01:01]} Bxf4 {[%clk 02:03:00]} {[%emt 00:04:09]} 12. Nxf6+ {[%clk
01:46:36]} {[%emt 00:00:18]} gxf6 {[%clk 02:03:21]} {[%emt 00:00:15]} 13. Nf3
{[%clk 01:46:36]} {[%emt 00:00:33]} O-O {[%clk 01:48:26]} {[%emt 00:15:32]} 14.
g3 {[%clk 01:39:16]} {[%emt 00:07:53]} Bh6 {[%clk 01:35:14]} {[%emt 00:13:48]}
15. Kf1 {[%clk 01:35:18]} {[%emt 00:04:32]} Kh8 {[%emt 00:08:40]} 16. Qc2
{[%clk 01:21:06]} {[%emt 00:13:49]} e5 {[%emt 00:04:44]} 17. Bxh7 {[%clk
01:11:24]} {[%emt 00:10:15]} e4 {[%emt 00:07:41]} 18. Bxe4 {[%clk 01:11:27]}
{[%emt 00:00:19]} dxe4 {[%clk 01:17:24]} {[%emt 00:00:18]} 19. Qxe4 {[%clk
01:11:47]} {[%emt 00:00:15]} Ne7 {[%clk 01:08:06]} {[%emt 00:09:55]} 20. Re1
{[%clk 00:51:51]} {[%emt 00:20:29]} Qc6 {[%emt 00:12:32]} 21. Kg2 {[%clk
00:38:16]} {[%emt 00:14:06]} Nd5 {[%clk 00:54:36]} {[%emt 00:02:14]} 22. Qh4
{[%clk 00:32:45]} {[%emt 00:06:04]} Kh7 {[%clk 00:46:00]} {[%emt 00:09:12]} 23.
Re4 {[%clk 00:29:23]} {[%emt 00:03:56]} f5 {[%emt 00:15:35]} 24. Ne5 {[%clk
00:02:23]} {[%emt 00:27:32]} Nf4+ {[%clk 00:25:52]} {[%emt 00:05:48]} 25. Qxf4
{[%clk 00:01:48]} {[%emt 00:01:09]} Qxe4+ {[%emt 00:00:29]} 26. Qxe4 {[%clk
00:02:07]} {[%emt 00:00:09]} fxe4 {[%clk 00:26:17]} {[%emt 00:00:23]} 27. Nd7
{[%clk 00:01:59]} {[%emt 00:00:41]} Rfd8 {[%emt 00:03:43]} 28. Nf6+ {[%clk
00:02:29]} {[%emt 00:00:01]} Kg6 {[%emt 00:00:20]} 29. Nxe4 {[%clk 00:02:58]}
{[%emt 00:00:02]} b6 {[%clk 00:17:19]} {[%emt 00:06:50]} 30. f4 {[%clk
00:02:24]} {[%emt 00:01:07]} Rd7 {[%emt 00:05:31]} 31. Kf3 {[%clk 00:02:00]}
{[%emt 00:00:57]} Re8 {[%clk 00:11:53]} {[%emt 00:01:08]} 32. Nf2 {[%clk
00:02:21]} {[%emt 00:00:13]} Rde7 {[%clk 00:10:30]} {[%emt 00:01:59]} 33. Ng4
{[%clk 00:02:40]} {[%emt 00:00:16]} f6 {[%emt 00:02:07]} 34. h4 {[%clk
00:02:03]} {[%emt 00:01:11]} Kg7 {[%emt 00:00:34]} 35. b3 {[%clk 00:01:55]}
{[%emt 00:00:40]} Re2 {[%clk 00:08:28]} {[%emt 00:01:10]} 36. a4 {[%clk
00:01:32]} {[%emt 00:00:57]} R8e4 {[%emt 00:02:22]} 37. Rc1 {[%clk 00:01:40]}
{[%emt 00:00:25]} f5 {[%emt 00:00:50]}  0-1

[Event "The Irish Championship 2020"]
[Site "Colaiste Eanna, Dublin, Ireland"]
[Date "2020.08.03"]
[Round "3"]
[Board "1"]
[White "Daly, Colm"]
[Black "O'Gorman, Tom"]
[Result "1/2-1/2"]
[WhiteElo "2248"]
[BlackElo "2345"]
[PlyCount "0"]
[EventDate "2020.08.01"]
[EventRounds "9"]
[EventCountry "IRL"]

1. d4 {[%clk 02:03:35]} {[%emt 00:12:33]} Nf6 {[%clk 02:15:57]} {[%emt
00:00:14]} 2. Nf3 {[%clk 02:03:58]} {[%emt 00:00:12]} c5 {[%clk 02:16:21]}
{[%emt 00:00:11]} 3. d5 {[%clk 02:04:32]} {[%emt 00:00:01]} e6 {[%clk
02:16:46]} {[%emt 00:00:10]} 4. Nc3 {[%clk 02:05:01]} {[%emt 00:00:05]} exd5
{[%clk 02:17:09]} {[%emt 00:00:12]} 5. Nxd5 {[%clk 02:05:34]} {[%emt 00:00:02]}
Nxd5 {[%clk 02:17:27]} {[%emt 00:00:17]} 6. Qxd5 {[%clk 02:05:55]} {[%emt
00:00:14]} Nc6 {[%clk 02:17:51]} {[%emt 00:00:12]} 7. e4 {[%clk 02:06:24]}
{[%emt 00:00:05]} d6 {[%clk 02:18:14]} {[%emt 00:00:12]} 8. Ng5 {[%clk
02:00:45]} {[%emt 00:06:13]} Qe7 {[%clk 02:18:40]} {[%emt 00:00:09]} 9. Bb5
{[%clk 01:49:59]} {[%emt 00:11:21]} Bd7 {[%clk 02:19:07]} {[%emt 00:00:10]} 10.
Bc4 {[%clk 01:36:47]} {[%emt 00:13:46]} Nd8 {[%clk 02:19:30]} {[%emt 00:00:12]}
11. O-O {[%clk 01:37:10]} {[%emt 00:00:12]} h6 {[%clk 02:16:57]} {[%emt
00:03:07]} 12. Nf3 {[%clk 01:33:17]} {[%emt 00:04:27]} Nc6 {[%clk 02:15:59]}
{[%emt 00:01:35]} 13. Bd2 {[%clk 01:30:26]} {[%emt 00:03:25]} Be6 {[%clk
02:08:32]} {[%emt 00:08:03]} 14. Qd3 {[%clk 01:30:18]} {[%emt 00:00:42]} Bxc4
{[%clk 02:07:08]} {[%emt 00:02:00]} 15. Qxc4 {[%clk 01:30:49]} {[%emt
00:00:04]} Qe6 {[%clk 02:07:25]} {[%emt 00:00:18]} 16. Qd3 {[%clk 01:22:33]}
{[%emt 00:08:50]} Be7 {[%clk 02:05:19]} {[%emt 00:02:42]} 17. Bc3 {[%clk
01:20:36]} {[%emt 00:02:32]} Bf6 {[%clk 02:03:10]} {[%emt 00:02:43]} 18. Rad1
{[%clk 01:15:11]} {[%emt 00:06:00]} O-O-O {[%clk 02:01:09]} {[%emt 00:02:37]}
19. Bxf6 {[%clk 01:12:57]} {[%emt 00:02:48]} Qxf6 {[%clk 02:01:32]} {[%emt
00:00:13]} 20. c3 {[%clk 01:12:00]} {[%emt 00:01:31]} Rhe8 {[%clk 01:49:39]}
{[%emt 00:12:28]} 21. Rfe1 {[%clk 01:10:44]} {[%emt 00:01:51]} Ne5 {[%clk
01:20:06]} {[%emt 00:30:08]} 22. Nxe5 {[%clk 01:10:09]} {[%emt 00:01:10]} Qxe5
{[%clk 01:19:41]} {[%emt 00:01:00]} 23. Re3 {[%clk 01:07:01]} {[%emt 00:03:42]}
Rf8 {[%clk 01:10:56]} {[%emt 00:09:21]} 24. Qe2 {[%clk 00:56:39]} {[%emt
00:10:56]} f5 {[%clk 01:06:42]} {[%emt 00:04:50]} 25. Rd5 {[%clk 00:54:06]}
{[%emt 00:03:07]} Qf4 {[%clk 00:45:49]} {[%emt 00:21:27]} 26. g3 {[%clk
00:49:33]} {[%emt 00:05:08]} Qg4 {[%clk 00:38:20]} {[%emt 00:08:04]} 27. exf5
{[%clk 00:47:51]} {[%emt 00:02:18]} Qxe2 {[%clk 00:37:11]} {[%emt 00:01:43]} 28.
Rxe2 {[%clk 00:47:58]} {[%emt 00:00:28]} Kd7 {[%clk 00:36:42]} {[%emt
00:01:05]} 29. c4 {[%clk 00:43:30]} {[%emt 00:05:04]} Rfe8 {[%clk 00:34:49]}
{[%emt 00:02:27]} 30. Kf1 {[%clk 00:43:33]} {[%emt 00:00:30]} Kc6 {[%clk
00:32:51]} {[%emt 00:02:35]} 31. Red2 {[%clk 00:39:43]} {[%emt 00:04:25]} a6
{[%emt 00:09:22]} 32. a4 {[%clk 00:35:47]} Rd7 {[%clk 00:27:37]} {[%emt
00:01:32]} 33. R2d3 {[%emt 00:01:43]} Rb8 {[%clk 00:27:06]} 34. g4 {[%clk
00:27:43]} {[%emt 00:08:38]} b5 {[%clk 00:26:51]} {[%emt 00:00:50]} 35. axb5+
{[%clk 00:28:10]} {[%emt 00:00:08]} axb5 {[%clk 00:27:20]} {[%emt 00:00:07]} 36.
cxb5+ {[%clk 00:24:32]} {[%emt 00:04:12]} Rxb5 {[%clk 00:27:46]} {[%emt
00:00:09]} 37. Rd2 {[%clk 00:22:56]} {[%emt 00:02:10]} Rxb2 {[%clk 00:26:45]}
{[%emt 00:01:37]} 38. Rxd6+ {[%clk 00:23:23]} {[%emt 00:00:08]} Rxd6 {[%clk
00:27:15]} {[%emt 00:00:06]} 39. Rxb2 {[%clk 00:23:49]} {[%emt 00:00:08]} c4
{[%clk 00:20:50]} {[%emt 00:07:01]} 40. Ke2 {[%clk 00:23:13]} {[%emt 00:01:10]}
Rd7 {[%clk 00:20:35]} {[%emt 00:00:51]} 41. Rd2 {[%clk 00:22:52]} {[%emt
00:00:54]} Re7+ {[%clk 00:19:53]} {[%emt 00:01:19]} 42. Kd1 {[%clk 00:23:19]}
{[%emt 00:00:08]} Kc5 {[%clk 00:19:20]} {[%emt 00:01:08]} 43. Rd8 {[%clk
00:21:22]} {[%emt 00:02:30]} Kb4 {[%clk 00:17:00]} {[%emt 00:02:57]} 44. Kd2
{[%clk 00:19:00]} {[%emt 00:02:55]} Ra7 {[%clk 00:13:48]} {[%emt 00:03:49]} 45.
Rb8+ {[%clk 00:16:23]} {[%emt 00:03:12]} Kc5 {[%clk 00:14:14]} {[%emt
00:00:09]} 46. h4 {[%clk 00:14:43]} {[%emt 00:02:14]} Kd4 {[%clk 00:13:23]}
{[%emt 00:01:26]} 47. Rd8+ {[%clk 00:14:01]} {[%emt 00:01:16]} Ke4 {[%clk
00:13:50]} {[%emt 00:00:09]} 48. Kc3 {[%clk 00:13:29]} {[%emt 00:01:07]} Kf3
{[%clk 00:12:56]} {[%emt 00:01:29]} 49. Rd4 {[%clk 00:11:30]} {[%emt 00:02:34]}
Kxf2 {[%clk 00:12:37]} {[%emt 00:00:54]} 50. Kxc4 {[%clk 00:06:28]} {[%emt
00:05:38]} Kg3 {[%clk 00:12:56]} {[%emt 00:00:16]} 51. g5 {[%clk 00:06:38]}
{[%emt 00:00:24]} hxg5 {[%clk 00:13:12]} {[%emt 00:00:21]} 52. hxg5 {[%clk
00:07:02]} {[%emt 00:00:10]} Rf7 {[%clk 00:12:14]} {[%emt 00:01:32]} 53. f6
{[%clk 00:04:53]} {[%emt 00:02:45]} gxf6 {[%clk 00:12:29]} {[%emt 00:00:21]} 54.
gxf6 {[%clk 00:05:24]} {[%emt 00:00:03]} Rxf6 {[%clk 00:12:58]} {[%emt
00:00:06]} 55. Rd3+ {[%clk 00:05:21]} {[%emt 00:00:04]}  1/2-1/2

[Event "The Irish Championship 2020"]
[Site "Colaiste Eanna, Dublin, Ireland"]
[Date "2020.08.03"]
[Round "3"]
[Board "2"]
[White "Kanyamarala, Tarun"]
[Black "Melaugh, Shane"]
[Result "1-0"]
[WhiteElo "2381"]
[BlackElo "2161"]
[PlyCount "0"]
[EventDate "2020.08.01"]
[EventRounds "9"]
[EventCountry "IRL"]

1. e4 {[%clk 02:16:02]} {[%emt 00:00:06]} d6 {[%clk 02:01:50]} {[%emt
00:14:21]} 2. d4 {[%clk 02:16:21]} {[%emt 00:00:15]} Nf6 {[%clk 02:01:08]}
{[%emt 00:01:18]} 3. Nc3 {[%clk 02:16:47]} {[%emt 00:00:08]} Nbd7 {[%clk
02:00:21]} {[%emt 00:01:22]} 4. Nf3 {[%clk 02:17:08]} {[%emt 00:00:14]} e5
{[%clk 02:00:50]} {[%emt 00:00:07]} 5. Bc4 {[%clk 02:17:15]} {[%emt 00:00:28]}
Be7 {[%clk 02:01:18]} {[%emt 00:00:07]} 6. O-O {[%clk 02:17:05]} {[%emt
00:00:45]} c6 {[%clk 02:01:47]} {[%emt 00:00:06]} 7. a4 {[%clk 02:17:26]}
{[%emt 00:00:14]} h6 {[%clk 02:00:41]} {[%emt 00:01:41]} 8. Re1 {[%clk
02:15:54]} {[%emt 00:02:06]} Qc7 {[%clk 01:59:40]} {[%emt 00:01:36]} 9. h3
{[%clk 02:04:35]} {[%emt 00:11:54]} O-O {[%clk 01:51:20]} {[%emt 00:08:56]} 10.
Be3 {[%clk 01:59:17]} {[%emt 00:05:52]} Re8 {[%clk 01:50:10]} {[%emt 00:01:46]}
11. Qd2 {[%clk 01:45:28]} {[%emt 00:14:23]} Bf8 {[%clk 01:50:23]} {[%emt
00:00:22]} 12. Ba2 {[%clk 01:35:50]} {[%emt 00:10:13]} exd4 {[%clk 01:44:13]}
{[%emt 00:06:46]} 13. Bxd4 {[%clk 01:26:31]} {[%emt 00:09:54]} Ne5 {[%clk
01:40:01]} {[%emt 00:04:47]} 14. Nh4 {[%clk 01:18:53]} {[%emt 00:08:13]} Be6
{[%clk 01:37:08]} {[%emt 00:03:28]} 15. f4 {[%clk 01:00:34]} {[%emt 00:18:53]}
Ned7 {[%clk 01:29:04]} {[%emt 00:08:39]} 16. Bxe6 {[%clk 00:40:02]} {[%emt
00:21:06]} Rxe6 {[%clk 01:29:26]} {[%emt 00:00:14]} 17. a5 {[%clk 00:39:38]}
{[%emt 00:00:59]} Rae8 {[%clk 01:24:03]} {[%emt 00:05:58]} 18. Qd3 {[%clk
00:39:10]} {[%emt 00:01:02]} Nxe4 {[%clk 01:10:37]} {[%emt 00:14:01]} 19. Rxe4
{[%clk 00:32:16]} {[%emt 00:07:30]} Rxe4 {[%clk 01:11:05]} {[%emt 00:00:07]} 20.
Nxe4 {[%clk 00:31:42]} {[%emt 00:01:09]} d5 {[%clk 01:11:34]} {[%emt 00:00:06]}
21. Nc3 {[%clk 00:26:20]} {[%emt 00:05:57]} Qxf4 {[%clk 01:12:01]} {[%emt
00:00:08]} 22. Nf3 {[%clk 00:25:46]} {[%emt 00:01:08]} c5 {[%clk 01:11:21]}
{[%emt 00:01:15]} 23. Nxd5 {[%clk 00:23:35]} {[%emt 00:02:46]} Qd6 {[%clk
01:10:28]} {[%emt 00:01:28]} 24. Bf2 {[%clk 00:22:30]} {[%emt 00:01:39]} Nf6
{[%clk 01:09:51]} {[%emt 00:01:13]} 25. Nxf6+ {[%clk 00:22:22]} {[%emt
00:00:43]} Qxf6 {[%clk 01:10:22]} {[%emt 00:00:04]} 26. c3 {[%clk 00:22:44]}
{[%emt 00:00:13]} Bd6 {[%clk 01:10:16]} {[%emt 00:00:41]} 27. a6 {[%clk
00:21:01]} {[%emt 00:02:18]} b6 {[%clk 01:10:45]} {[%emt 00:00:05]} 28. Re1
{[%clk 00:20:25]} {[%emt 00:01:12]} Rd8 {[%clk 01:10:37]} {[%emt 00:00:43]} 29.
Qe4 {[%clk 00:20:44]} {[%emt 00:00:16]} Bb8 {[%clk 01:10:32]} {[%emt 00:00:40]}
30. Qe7 {[%clk 00:18:13]} {[%emt 00:03:06]} Qd6 {[%clk 01:11:01]} {[%emt
00:00:06]} 31. Qxd6 {[%clk 00:18:33]} {[%emt 00:00:14]} Bxd6 {[%clk 01:11:32]}
{[%emt 00:00:04]} 32. c4 {[%clk 00:17:17]} {[%emt 00:01:52]} f6 {[%clk
01:11:46]} {[%emt 00:00:21]} 33. Kf1 {[%clk 00:17:31]} {[%emt 00:00:21]} Bf8
{[%clk 01:11:36]} {[%emt 00:00:44]} 34. Ke2 {[%clk 00:15:28]} {[%emt 00:02:39]}
Kf7 {[%clk 01:11:55]} {[%emt 00:00:16]} 35. Rd1 {[%clk 00:15:24]} {[%emt
00:00:38]} Re8+ {[%clk 01:12:26]} {[%emt 00:00:04]} 36. Kd3 {[%clk 00:15:47]}
{[%emt 00:00:12]} g5 {[%clk 01:12:53]} {[%emt 00:00:09]} 37. Re1 {[%clk
00:13:07]} {[%emt 00:03:15]} Rd8+ {[%clk 01:12:51]} {[%emt 00:00:36]} 38. Kc2
{[%clk 00:13:40]} {[%emt 00:00:02]} Bd6 {[%clk 01:12:33]} {[%emt 00:00:54]} 39.
Rd1 {[%clk 00:10:30]} {[%emt 00:03:45]} Ke7 {[%clk 01:12:05]} {[%emt 00:01:03]}
40. Nd2 {[%clk 00:10:53]} {[%emt 00:00:12]} f5 {[%clk 01:12:21]} {[%emt
00:00:20]} 41. Nb1 {[%clk 00:10:11]} {[%emt 00:01:16]} Rf8 {[%clk 01:11:20]}
{[%emt 00:01:34]} 42. Nc3 {[%clk 00:09:10]} {[%emt 00:01:38]} f4 {[%clk
01:11:47]} {[%emt 00:00:09]} 43. Nb5 {[%clk 00:07:52]} {[%emt 00:01:52]} Bb8
{[%clk 01:12:13]} {[%emt 00:00:10]} 44. Rd5 {[%clk 00:07:29]} {[%emt 00:00:57]}
Rg8 {[%clk 01:11:30]} {[%emt 00:01:18]} 45. Kd3 {[%clk 00:06:48]} {[%emt
00:01:15]} Ke6 {[%clk 01:12:00]} {[%emt 00:00:05]} 46. Ke4 {[%clk 00:06:26]}
{[%emt 00:00:57]} Re8 {[%clk 01:08:52]} {[%emt 00:03:43]} 47. Kf3 {[%clk
00:06:43]} {[%emt 00:00:18]} Rf8 {[%clk 01:08:36]} {[%emt 00:00:51]} 48. h4
{[%clk 00:06:50]} {[%emt 00:00:28]} gxh4 {[%clk 01:08:05]} {[%emt 00:01:06]} 49.
Bxh4 {[%clk 00:07:07]} {[%emt 00:00:18]} Rg8 {[%clk 01:07:24]} {[%emt
00:01:15]} 50. Rd8 {[%clk 00:07:19]} {[%emt 00:00:23]} Rxd8 {[%clk 01:07:39]}
{[%emt 00:00:21]} 51. Bxd8 {[%clk 00:07:49]} {[%emt 00:00:04]} Kd7 {[%clk
01:08:09]} {[%emt 00:00:06]} 52. Bxb6 {[%clk 00:07:10]} {[%emt 00:01:14]} axb6
{[%clk 01:08:35]} {[%emt 00:00:09]} 53. a7 {[%clk 00:07:43]} {[%emt 00:00:02]}
Bxa7 {[%emt 00:00:16]} 54. Nxa7 {[%clk 00:08:10]} Kd6 {[%emt 00:01:02]} 55. Ke4
 1-0

[Event "The Irish Championship 2020"]
[Site "Colaiste Eanna, Dublin, Ireland"]
[Date "2020.08.03"]
[Round "3"]
[Board "3"]
[White "Jackson, Carl"]
[Black "Kanyamarala, Trisha"]
[Result "0-1"]
[WhiteElo "2021"]
[BlackElo "2193"]
[PlyCount "0"]
[EventDate "2020.08.01"]
[EventRounds "9"]
[EventCountry "IRL"]

1. e4 {[%clk 02:15:53]} {[%emt 00:00:16]} c5 {[%clk 02:15:51]} {[%emt
00:00:18]} 2. b4 {[%clk 02:15:40]} {[%emt 00:00:48]} cxb4 {[%clk 02:05:30]}
{[%emt 00:10:56]} 3. a3 {[%clk 02:15:41]} {[%emt 00:00:34]} e6 {[%clk
01:55:56]} {[%emt 00:10:09]} 4. d4 {[%clk 02:15:09]} {[%emt 00:01:08]} bxa3
{[%clk 01:43:36]} {[%emt 00:12:54]} 5. Nf3 {[%clk 02:15:21]} {[%emt 00:00:24]}
d6 {[%clk 01:39:54]} {[%emt 00:04:15]} 6. Bd3 {[%clk 02:01:50]} {[%emt
00:14:07]} Nf6 {[%clk 01:36:24]} {[%emt 00:04:04]} 7. Nxa3 {[%clk 01:59:55]}
{[%emt 00:02:31]} Be7 {[%clk 01:32:01]} {[%emt 00:04:57]} 8. g4 {[%clk
01:52:19]} {[%emt 00:08:13]} e5 {[%clk 00:59:40]} {[%emt 00:32:55]} 9. g5
{[%clk 01:37:00]} {[%emt 00:15:55]} Nfd7 {[%clk 00:59:26]} {[%emt 00:00:48]} 10.
c3 {[%clk 01:35:46]} {[%emt 00:01:49]} exd4 {[%clk 00:48:06]} {[%emt 00:11:55]}
11. cxd4 {[%clk 01:33:34]} {[%emt 00:02:47]} Nc6 {[%clk 00:44:41]} {[%emt
00:04:00]} 12. h4 {[%clk 01:25:53]} {[%emt 00:08:16]} d5 {[%clk 00:36:41]}
{[%emt 00:08:35]} 13. e5 {[%clk 01:14:46]} {[%emt 00:11:42]} Nb6 {[%clk
00:35:27]} {[%emt 00:01:48]} 14. Rg1 {[%clk 01:09:11]} {[%emt 00:06:11]} Be6
{[%clk 00:32:29]} {[%emt 00:03:32]} 15. Bd2 {[%clk 00:58:55]} {[%emt 00:10:52]}
Nc4 {[%clk 00:28:03]} {[%emt 00:05:00]} 16. Nc2 {[%clk 00:45:43]} {[%emt
00:13:48]} b5 {[%clk 00:17:43]} {[%emt 00:10:53]} 17. Qb1 {[%clk 00:34:53]}
{[%emt 00:11:26]} Qb6 {[%clk 00:12:13]} {[%emt 00:06:05]} 18. Be3 {[%clk
00:13:19]} {[%emt 00:22:10]} Rb8 {[%clk 00:10:35]} {[%emt 00:02:12]} 19. Bxc4
{[%clk 00:12:07]} {[%emt 00:01:48]} bxc4 {[%clk 00:10:54]} {[%emt 00:00:16]} 20.
Qxb6 {[%clk 00:09:07]} {[%emt 00:03:35]} axb6 {[%clk 00:11:19]} {[%emt
00:00:11]} 21. Bd2 {[%clk 00:08:26]} {[%emt 00:01:16]} b5 {[%clk 00:11:18]}
{[%emt 00:00:36]} 22. Rb1 {[%clk 00:08:55]} {[%emt 00:00:06]} b4 {[%clk
00:11:24]} {[%emt 00:00:28]} 23. Ke2 {[%clk 00:08:28]} {[%emt 00:01:03]} Bf5
{[%clk 00:10:17]} {[%emt 00:01:41]} 24. Ne3 {[%clk 00:06:51]} {[%emt 00:02:12]}
Bd3+ {[%clk 00:10:33]} {[%emt 00:00:19]}  0-1

[Event "The Irish Championship 2020"]
[Site "Colaiste Eanna, Dublin, Ireland"]
[Date "2020.08.03"]
[Round "3"]
[Board "4"]
[White "Fitzsimons, David"]
[Black "Murray, David"]
[Result "1-0"]
[WhiteElo "2334"]
[BlackElo "2152"]
[PlyCount "0"]
[EventDate "2020.08.01"]
[EventRounds "9"]
[EventCountry "IRL"]

1. d4 {[%clk 02:15:05]} {[%emt 00:01:04]} Nf6 {[%clk 02:15:49]} {[%emt
00:00:22]} 2. Nf3 {[%clk 02:15:27]} {[%emt 00:00:13]} d5 {[%clk 02:14:49]}
{[%emt 00:01:35]} 3. g3 {[%clk 02:15:45]} {[%emt 00:00:17]} e6 {[%clk
02:14:39]} {[%emt 00:00:45]} 4. Bg2 {[%clk 02:16:04]} {[%emt 00:00:16]} Be7
{[%clk 02:13:57]} {[%emt 00:01:17]} 5. c4 {[%clk 02:15:35]} {[%emt 00:01:03]}
O-O {[%clk 02:12:41]} {[%emt 00:01:52]} 6. O-O {[%clk 02:15:55]} {[%emt
00:00:15]} dxc4 {[%clk 02:09:36]} {[%emt 00:03:40]} 7. Qc2 {[%clk 02:15:42]}
{[%emt 00:00:48]} a6 {[%clk 02:08:43]} {[%emt 00:01:28]} 8. a4 {[%clk
02:15:40]} {[%emt 00:00:37]} Bd7 {[%clk 02:05:11]} {[%emt 00:04:08]} 9. Qxc4
{[%clk 02:15:42]} {[%emt 00:00:32]} Bc6 {[%clk 02:01:19]} {[%emt 00:04:27]} 10.
Bg5 {[%clk 02:15:14]} {[%emt 00:01:02]} a5 {[%clk 01:41:21]} {[%emt 00:20:34]}
11. Nc3 {[%clk 02:09:41]} {[%emt 00:06:07]} Na6 {[%clk 01:37:20]} {[%emt
00:04:37]} 12. Rfe1 {[%clk 01:51:27]} {[%emt 00:18:49]} Nb4 {[%clk 01:33:00]}
{[%emt 00:04:55]} 13. Rac1 {[%clk 01:50:38]} {[%emt 00:01:24]} h6 {[%clk
01:22:05]} {[%emt 00:11:30]} 14. Bd2 {[%clk 01:33:38]} {[%emt 00:17:35]} Nfd5
{[%clk 01:03:25]} {[%emt 00:19:15]} 15. Qb3 {[%clk 01:26:36]} {[%emt 00:07:37]}
Bf6 {[%clk 00:54:14]} {[%emt 00:09:46]} 16. Red1 {[%clk 00:59:56]} {[%emt
00:27:15]} Qe8 {[%clk 00:48:35]} {[%emt 00:06:14]} 17. Ra1 {[%clk 00:59:36]}
{[%emt 00:00:54]} Rd8 {[%clk 00:40:42]} {[%emt 00:08:29]} 18. e4 {[%clk
00:57:25]} {[%emt 00:02:46]} Nb6 {[%clk 00:40:42]} {[%emt 00:00:35]} 19. Bf4
{[%clk 00:55:17]} {[%emt 00:02:43]} Rd7 {[%clk 00:37:25]} {[%emt 00:03:52]} 20.
Rd2 {[%clk 00:51:50]} {[%emt 00:04:02]} Qa8 {[%clk 00:36:21]} {[%emt 00:01:39]}
21. Rad1 {[%clk 00:47:51]} {[%emt 00:04:34]} Rfd8 {[%clk 00:36:13]} {[%emt
00:00:43]} 22. h4 {[%clk 00:46:37]} {[%emt 00:01:48]} Kh7 {[%clk 00:34:04]}
{[%emt 00:02:44]} 23. Kh2 {[%clk 00:43:50]} {[%emt 00:03:22]} Kg8 {[%clk
00:33:52]} {[%emt 00:00:48]} 24. g4 {[%clk 00:43:16]} {[%emt 00:01:08]} Qa6
{[%clk 00:27:53]} {[%emt 00:06:35]} 25. Bf1 {[%clk 00:43:21]} {[%emt 00:00:30]}
Qa7 {[%clk 00:28:18]} {[%emt 00:00:11]} 26. g5 {[%clk 00:40:17]} {[%emt
00:03:38]} hxg5 {[%clk 00:28:25]} {[%emt 00:00:28]} 27. hxg5 {[%clk 00:40:45]}
{[%emt 00:00:07]} Be7 {[%clk 00:28:51]} {[%emt 00:00:09]} 28. Ne5 {[%clk
00:37:20]} {[%emt 00:03:59]} Bd6 {[%clk 00:28:16]} {[%emt 00:01:11]} 29. g6
{[%clk 00:35:52]} {[%emt 00:02:02]} Bxe5 {[%clk 00:26:40]} {[%emt 00:02:11]} 30.
Bxe5 {[%clk 00:36:04]} {[%emt 00:00:24]} Re8 {[%clk 00:20:23]} {[%emt
00:06:52]} 31. gxf7+ {[%clk 00:33:34]} {[%emt 00:03:04]} Rxf7 {[%clk 00:20:13]}
{[%emt 00:00:45]} 32. Bh3 {[%clk 00:33:41]} {[%emt 00:00:28]} Rf3 {[%clk
00:18:45]} {[%emt 00:02:03]} 33. Bxe6+ {[%clk 00:33:39]} {[%emt 00:00:37]} Kf8
{[%clk 00:18:57]} {[%emt 00:00:24]} 34. Rg1 {[%clk 00:29:28]} {[%emt 00:04:46]}
Bxe4 {[%clk 00:16:34]} {[%emt 00:02:57]} 35. Rxg7 {[%clk 00:29:36]} {[%emt
00:00:27]} Qa6 {[%clk 00:13:25]} {[%emt 00:03:44]} 36. Nxe4 {[%clk 00:29:38]}
{[%emt 00:00:34]} Rxb3 {[%clk 00:11:09]} {[%emt 00:02:51]} 37. Rf7+ {[%clk
00:30:05]} {[%emt 00:00:07]}  1-0